[Event "FICGS class D 000056 email"]
[Site "FICGS email"]
[Date "2007.08.16"]
[Round "1"]
[White "Bhandarkar, Dinesh"]
[Black "Stoian, Mihail"]
[Result "1-0"]
[WhiteElo "1575"]
[BlackElo "1443"]
[PlyCount "73"]
[EventDate "2007.??.??"]
[EventType "tourn (corr)"]
[EventRounds "6"]
[SourceTitle "Corr 2022"]
[Source "ChessBase"]
[SourceDate "2021.10.24"]
[SourceVersion "1"]
[SourceVersionDate "2021.10.24"]
[SourceQuality "1"]

1. e4 c6 2. d4 d5 3. Nc3 e6 4. Bd3 dxe4 5. Nxe4 Nf6 6. Nf3 Nbd7 7. Bg5 h6 8. Bh4 Be7 9. 0-0 0-0 10. Qe2 c5 11. Rad1 cxd4 12. Nxd4 Nd5 13. Bxe7 Qxe7 14. Rfe1 a6 15. Qd2 N7f6 16. c4 Nxe4 17. Bxe4 Nf6 18. Bc2 Bd7 19. Qf4 Rfd8 20. Nf5 Qc5 21. Nxh6+ Kf8 22. Ng4 Nxg4 23. Qxg4 Rac8 24. b3 Bc6 25. Rxd8+ Rxd8 26. Qh4 Rd4 27. Qh8+ Ke7 28. Qxg7 Rd2 29. Rxe6+ Kxe6 30. Qh6+ f6 31. Qxd2 Qe5 32. h3 Qa1+ 33. Kh2 Qe5+ 34. f4 Qc7 35. Qe3+ Kf7 36. Qg3 b5 37. Qg6+ 1-0

[Event "FICGS class D 000042 email"]
[Site "FICGS email"]
[Date "2007.04.21"]
[Round "1"]
[White "Bellanger, Michel"]
[Black "Stoian, Mihail"]
[Result "1-0"]
[WhiteElo "1606"]
[BlackElo "1445"]
[PlyCount "41"]
[EventDate "2007.??.??"]
[EventType "tourn (corr)"]
[EventRounds "6"]
[SourceTitle "Corr 2022"]
[Source "ChessBase"]
[SourceDate "2021.10.24"]
[SourceVersion "1"]
[SourceVersionDate "2021.10.24"]
[SourceQuality "1"]

1. e4 e6 2. d4 d5 3. Nc3 Bb4 4. e5 c5 5. a3 Bxc3+ 6. bxc3 Nc6 7. Bd3 Nge7 8. Nf3 h6 9. 0-0 0-0 10. Rb1 b6 11. Bf4 Bd7 12. Qd2 cxd4 13. cxd4 Rc8 14. Bxh6 gxh6 15. Qxh6 Nf5 16. Bxf5 exf5 17. Ng5 Qxg5 18. Qxg5+ Kh8 19. Rb3 f4 20. g4 Bxg4 21. Qh4+ 1-0

[Event "FICGS class D 000042 email"]
[Site "FICGS email"]
[Date "2007.04.21"]
[Round "1"]
[White "Stoian, Mihail"]
[Black "Richardson, Patrick"]
[Result "1-0"]
[WhiteElo "1445"]
[BlackElo "1400"]
[PlyCount "25"]
[EventDate "2007.??.??"]
[EventType "tourn (corr)"]
[EventRounds "6"]
[SourceTitle "Corr 2022"]
[Source "ChessBase"]
[SourceDate "2021.10.24"]
[SourceVersion "1"]
[SourceVersionDate "2021.10.24"]
[SourceQuality "1"]

1. d4 Nf6 2. c4 e6 3. Nf3 d5 4. Bg5 Nbd7 5. e3 h6 6. Bh4 g5 7. Bg3 Ne4 8. Bd3 h5 9. cxd5 exd5 10. Bxe4 dxe4 11. Nfd2 Bb4 12. h3 Nf6 13. Qa4+ 1-0

[Event "FICGS W-ch st1 g08 email"]
[Site "FICGS email"]
[Date "2007.01.16"]
[Round "1"]
[White "Muller, Henri Louis"]
[Black "Stoian, Mihail"]
[Result "1-0"]
[WhiteElo "1984"]
[BlackElo "1488"]
[PlyCount "45"]
[EventDate "2007.??.??"]
[EventType "tourn (corr)"]
[EventRounds "8"]
[SourceTitle "Corr 2022"]
[Source "ChessBase"]
[SourceDate "2021.10.24"]
[SourceVersion "1"]
[SourceVersionDate "2021.10.24"]
[SourceQuality "1"]

1. e4 e6 2. d4 d5 3. Nc3 Bb4 4. e5 c5 5. a3 Bxc3+ 6. bxc3 Ne7 7. Qg4 0-0 8. Bd3 Nbc6 9. Qh5 Ng6 10. Nf3 Nce7 11. dxc5 Qa5 12. 0-0 Qxc5 13. a4 Qxc3 14. Bd2 Qc7 15. Bb4 Re8 16. Bd6 Qc3 17. Ng5 h6 18. Ra3 Qd4 19. Nxf7 Kxf7 20. Bxg6+ Nxg6 21. Rf3+ Kg8 22. Qxg6 Qxa4 23. Rf7 1-0

[Event "FICGS W-ch st1 g08 email"]
[Site "FICGS email"]
[Date "2007.01.16"]
[Round "1"]
[White "Sarihan, Sefa"]
[Black "Stoian, Mihail"]
[Result "0-1"]
[WhiteElo "1221"]
[BlackElo "1488"]
[PlyCount "100"]
[EventDate "2007.??.??"]
[EventType "tourn (corr)"]
[EventRounds "8"]
[SourceTitle "Corr 2022"]
[Source "ChessBase"]
[SourceDate "2021.10.24"]
[SourceVersion "1"]
[SourceVersionDate "2021.10.24"]
[SourceQuality "1"]

1. e4 e6 2. d4 d5 3. exd5 exd5 4. Nf3 Nf6 5. Bd3 Bd6 6. 0-0 0-0 7. h3 c6 8. Bg5 Re8 9. Nbd2 Nbd7 10. c3 h6 11. Bh4 Nf8 12. Qc2 Be6 13. Rae1 Be7 14. Ne5 N6d7 15. Bxe7 Qxe7 16. Ndf3 Qf6 17. g4 Nxe5 18. Nxe5 Qh4 19. Kg2 Rac8 20. f4 c5 21. f5 Bd7 22. Qf2 Qxf2+ 23. Kxf2 c4 24. Bc2 Bc6 25. h4 Nd7 26. g5 Nxe5 27. Rxe5 f6 28. gxf6 gxf6 29. Re6 Kf7 30. Rfe1 Rxe6 31. fxe6+ Ke7 32. Bf5 Rg8 33. Rg1 Rxg1 34. Kxg1 a5 35. Kf2 Be8 36. b3 Bh5 37. bxc4 dxc4 38. Ke3 b5 39. d5 Kd6 40. Kd4 Bf3 41. Be4 Bxe4 42. Kxe4 b4 43. cxb4 axb4 44. Kd4 c3 45. Kd3 f5 46. a4 bxa3 47. Kxc3 f4 48. Kb3 f3 49. Kxa3 f2 50. e7 Kxe7 0-1

[Event "FICGS class D 000023 email"]
[Site "FICGS email"]
[Date "2006.12.24"]
[Round "1"]
[White "Caburro, John"]
[Black "Stoian, Mihail"]
[Result "1-0"]
[WhiteElo "1461"]
[BlackElo "1505"]
[PlyCount "59"]
[EventDate "2006.??.??"]
[EventType "tourn (corr)"]
[EventRounds "6"]
[SourceTitle "Corr 2022"]
[Source "ChessBase"]
[SourceDate "2021.10.24"]
[SourceVersion "1"]
[SourceVersionDate "2021.10.24"]
[SourceQuality "1"]

1. d4 Nf6 2. c4 g6 3. Nc3 d5 4. h4 Bg7 5. h5 c6 6. hxg6 hxg6 7. Rxh8+ Bxh8 8. Bf4 Nbd7 9. e3 Nb6 10. c5 Nbd7 11. Nf3 b6 12. b4 a5 13. cxb6 Qxb6 14. b5 c5 15. Na4 Qa7 16. Rb1 Ne4 17. b6 Qb7 18. Bb5 Kf8 19. Bc7 cxd4 20. Nxd4 Ndc5 21. Nxc5 Nc3 22. Qd3 Nxb5 23. Nxb7 Nxd4 24. exd4 Bxb7 25. a4 Bf6 26. f4 Kg7 27. Be5 Rh8 28. Kf2 Rh4 29. Rc1 Kf8 30. Rc7 1-0

[Event "FICGS W-ch st1 g11 email"]
[Site "FICGS email"]
[Date "2006.07.01"]
[Round "1"]
[White "Jaroszewski, Rodrigo"]
[Black "Stoian, Mihail"]
[Result "1-0"]
[WhiteElo "1200"]
[BlackElo "1566"]
[PlyCount "41"]
[EventDate "2006.??.??"]
[EventType "tourn (corr)"]
[EventRounds "8"]
[SourceTitle "Corr 2022"]
[Source "ChessBase"]
[SourceDate "2021.10.24"]
[SourceVersion "1"]
[SourceVersionDate "2021.10.24"]
[SourceQuality "1"]

1. e4 e6 2. d4 d5 3. Nd2 c5 4. exd5 exd5 5. Ngf3 Nf6 6. Bb5+ Bd7 7. Qe2+ Be7 8. dxc5 0-0 9. Nb3 Re8 10. Be3 Nc6 11. 0-0 Ne4 12. Rad1 Bg4 13. c4 Bf6 14. cxd5 Ne5 15. Bxe8 Qxe8 16. Rfe1 Rd8 17. Bf4 Bf5 18. Bxe5 Bxe5 19. Nh4 Qd7 20. c6 Qc8 21. cxb7 1-0

[Event "FICGS rapid B 000006 email"]
[Site "FICGS email"]
[Date "2006.05.31"]
[Round "1"]
[White "Clement, Etienne"]
[Black "Stoian, Mihail"]
[Result "1-0"]
[WhiteElo "1600"]
[BlackElo "1700"]
[PlyCount "53"]
[EventDate "2006.??.??"]
[EventType "tourn (rapid)"]
[EventRounds "6"]
[SourceTitle "Corr 2022"]
[Source "ChessBase"]
[SourceDate "2021.10.24"]
[SourceVersion "1"]
[SourceVersionDate "2021.10.24"]
[SourceQuality "1"]

1. e4 e6 2. d4 d5 3. Nc3 Bb4 4. e5 Ne7 5. Nge2 c5 6. a3 cxd4 7. axb4 dxc3 8. bxc3 Qc7 9. f4 0-0 10. Qd3 Nd7 11. Nd4 Nb6 12. Be2 Bd7 13. 0-0 Nc4 14. Qg3 Nf5 15. Nxf5 exf5 16. Be3 a6 17. Bc5 Rfe8 18. Rad1 Be6 19. Bxc4 dxc4 20. Rd6 a5 21. Bb6 Qc8 22. bxa5 Rxa5 23. Bxa5 Qc5+ 24. Qf2 Qxa5 25. Qb6 Qxc3 26. Rd8 Qe3+ 27. Kh1 1-0

[Event "FICGS class C 000005 email"]
[Site "FICGS email"]
[Date "2006.05.20"]
[Round "1"]
[White "Stoian, Mihail"]
[Black "Clement, Etienne"]
[Result "0-1"]
[WhiteElo "1700"]
[BlackElo "1600"]
[PlyCount "66"]
[EventDate "2006.??.??"]
[EventType "tourn (corr)"]
[EventRounds "4"]
[SourceTitle "Corr 2022"]
[Source "ChessBase"]
[SourceDate "2021.10.24"]
[SourceVersion "1"]
[SourceVersionDate "2021.10.24"]
[SourceQuality "1"]

1. d4 Nf6 2. c4 e6 3. Nc3 Bb4 4. Bg5 c5 5. e3 Qa5 6. Qc2 Ne4 7. Qxe4 Bxc3+ 8. bxc3 Qxc3+ 9. Ke2 Qxa1 10. Nf3 Qxa2+ 11. Nd2 d5 12. cxd5 Qxd5 13. Qxd5 exd5 14. dxc5 0-0 15. f3 a5 16. Kf2 a4 17. Bb5 Ra5 18. Bd3 Nd7 19. Ra1 Nxc5 20. Bc2 Bd7 21. e4 dxe4 22. Nc4 Ra6 23. Be7 Rc8 24. Nd6 Nb3 25. Bxb3 axb3 26. Rb1 Rc2+ 27. Ke3 b2 28. Nxe4 Ra1 29. Nc3 Rxc3+ 30. Kd2 Rb3 31. Kc2 Ba4 32. Rxb2 Rxf3+ 33. Kd2 Rf2+ 0-1

[Event "FICGS class C 000005 email"]
[Site "FICGS email"]
[Date "2006.05.20"]
[Round "1"]
[White "Stoian, Mihail"]
[Black "Delouvroy, Kael"]
[Result "0-1"]
[WhiteElo "1700"]
[BlackElo "1700"]
[PlyCount "38"]
[EventDate "2006.??.??"]
[EventType "tourn (corr)"]
[EventRounds "4"]
[SourceTitle "Corr 2022"]
[Source "ChessBase"]
[SourceDate "2021.10.24"]
[SourceVersion "1"]
[SourceVersionDate "2021.10.24"]
[SourceQuality "1"]

1. d4 Nf6 2. c4 e6 3. Nc3 Bb4 4. Bd2 0-0 5. Nf3 c5 6. e3 Nc6 7. Bd3 d5 8. 0-0 cxd4 9. exd4 Nxd4 10. Nxd4 dxc4 11. Ne4 Bxd2 12. Nxd2 cxd3 13. N2f3 e5 14. Nb3 e4 15. Nfd2 Bg4 16. Qe1 Be2 17. Nc5 Re8 18. Rc1 Rc8 19. Nxb7 Qd5 0-1